000 00273nam a2200121 a 4500
008 101022s1977|||| d
100 1 _aLuts, Oskar
245 1 0 _aEstónska Romanca
260 _bTatran
_aBratislava
_c1977
020 _c30
041 _aslo
044 _axo
_cSK
999 _c12032
_d12032